000 02021nam a2200373 c 4500
003 BLK
005 20240216161019.0
008 180408b bul|||||r ||||||| ||bul||
010 _aKNG00061760000
040 _aBLK
041 _aBUL
_cBUL
080 _aФизиология
_b612
_x(075.8)
_z612(075.8)
080 _aФизиология на движението. Биомеханика на човека - Скорост на движението, координация. Сложни движения, физиологични процеси при физическа работа;ергазология (учение за умората на д-р Досе), ергол
_b612.76
_x(075.8)
_z612.76(075.8)
100 1 _aДобрев, Добромир Атанасов
_eпърви автор
_9287838
700 1 _aДобрев, Добромир Атанасов
_eред.
_9369586
139 _aФизиология на човека
_bФ 47
245 1 0 _aФизиология на човека с физиология на спорта
_bУчебник за студентите по физ. култура
_cДобромир Атанасов Добрев; ред. Добромир Атанасов Добрев.
257 _aBGR
260 София
_bМедицина и физкултура
_c1973
_fПловдив : Д. Благоев
300 _a655 с.
_bс ил.
_c23 см
380 _a61
500 _aАвт. : Д. Добрев, В. Георгиев, В. Гаврийски, Д. Стефанова.- Библиогр. с. 647-648
650 4 _aФизиология - учебници за ВУЗ
_9246602
650 4 _aСпорт - физиология
_9287839
653 _aфизиология
653 _aспорт
653 _aучебници за ВУЗ
852 _aЦб 67556
856 4 _qpdf
_u
856 4 _qpdf
_u
942 _cKNG
_n0
_02
944 _aCR
_c13.06.2004
_k30535
_lХристина Везирева
944 _aED
_c16.03.2018
_kТеодора_Стоянова
999 _c57752
_d57752